[Event "Festival Magistrale"]
[Site "Jesolo ITA"]
[Date "1999.12.??"]
[Round "1"]
[White "Godena, Michele"]
[Black "Barberi, Alessandro"]
[Result "1-0"]
[WhiteElo "2490"]
[BlackElo "2180"]
[PlyCount "59"]
[EventDate "1999.12.26"]

1. e4 g6 2. d4 Bg7 3. c3 d6 4. Nf3 Nf6 5. Bd3 O-O 6. O-O Nbd7 7. Re1 e5 8. Nbd2
Nh5 9. Nf1 Nb6 10. Bg5 Qe8 11. h3 h6 12. Be3 f5 13. dxe5 dxe5 14. Bc5 Rf7 15.
exf5 Bxf5 16. Bxf5 Rd8 17. Bxg6 Rxd1 18. Raxd1 Nf4 19. Bxf7+ Qxf7 20. Bxb6 axb6
21. Ng3 Nxh3+ 22. gxh3 Qxf3 23. Rd8+ Kh7 24. Re3 Qf7 25. Ne4 Qg6+ 26. Kh2 Qf5
27. Rg3 h5 28. f3 h4 29. Rg4 Qxf3 30. Ng5+ 1-0

[Event "Festival Magistrale"]
[Site "Jesolo ITA"]
[Date "1999.12.??"]
[Round "1"]
[White "Golubovic, Boris"]
[Black "Ventura, Boris"]
[Result "1-0"]
[WhiteElo "2457"]
[BlackElo "2127"]
[PlyCount "71"]
[EventDate "1999.12.26"]

1. e4 c5 2. Nf3 e6 3. g3 Nc6 4. Bg2 d6 5. O-O Nf6 6. Re1 Be7 7. c3 O-O 8. d4 e5
9. d5 Nb8 10. a4 h6 11. Na3 Nh7 12. Nc4 Ng5 13. Nxg5 hxg5 14. a5 g4 15. b4 cxb4
16. cxb4 g6 17. Bh6 Re8 18. Bd2 f5 19. b5 Bf8 20. Bb4 Qf6 21. b6 Na6 22. Ba3
Nc5 23. Bxc5 dxc5 24. Qa4 Re7 25. bxa7 Bd7 26. Qb3 Rxa7 27. exf5 Bxf5 28. d6
Rf7 29. Nxe5 Be6 30. Qc2 Bxd6 31. Nxf7 Qxf7 32. Rad1 Bb3 33. Qxb3 Qxb3 34. Bd5+
Qxd5 35. Rxd5 Bc7 36. Rd7 1-0

[Event "Festival Magistrale"]
[Site "Jesolo ITA"]
[Date "1999.12.??"]
[Round "1"]
[White "Iordachescu, Viorel"]
[Black "Guido, Flavio"]
[Result "1-0"]
[WhiteElo "2553"]
[BlackElo "2367"]
[PlyCount "55"]
[EventDate "1999.12.26"]

1. e4 c5 2. Nf3 e6 3. d4 cxd4 4. Nxd4 Nf6 5. Nc3 d6 6. g4 Nc6 7. g5 Nd7 8. h4
Be7 9. Be3 a6 10. f4 O-O 11. Be2 Nxd4 12. Qxd4 b5 13. h5 b4 14. Nd5 exd5 15. h6
gxh6 16. O-O-O b3 17. axb3 Qa5 18. Kb1 hxg5 19. b4 Qc7 20. exd5 Re8 21. Qd3 Nf8
22. Bd4 Bd7 23. Rxh7 Nxh7 24. Rh1 Nf6 25. fxg5 Rac8 26. gxf6 Qxc2+ 27. Qxc2
Rxc2 28. fxe7 1-0

[Event "Festival Magistrale"]
[Site "Jesolo ITA"]
[Date "1999.12.??"]
[Round "1"]
[White "Klaric, Zlatko"]
[Black "Komarov, Dimitri"]
[Result "1/2-1/2"]
[WhiteElo "2422"]
[BlackElo "2582"]
[PlyCount "64"]
[EventDate "1999.12.26"]

1. d4 d5 2. Bf4 c6 3. e3 Qb6 4. b3 Bf5 5. Bd3 Bxd3 6. cxd3 e6 7. Nf3 Bb4+ 8.
Nbd2 Nd7 9. a3 Be7 10. e4 Qa6 11. Qc2 dxe4 12. dxe4 Ngf6 13. Qc4 c5 14. d5 exd5
15. exd5 b5 16. Qd3 Bd6 17. Bxd6 Qxd6 18. O-O O-O 19. Qxb5 Qxd5 20. Rfd1 Rfb8
21. Qa4 Nb6 22. Qa5 Rd8 23. h3 Qf5 24. Re1 Rd5 25. Nc4 Qc8 26. Re7 Rd7 27. Rae1
Nxc4 28. bxc4 h6 29. R1e5 Rd1+ 30. Kh2 Nd7 31. Qa4 Nxe5 32. Qxd1 Nc6 1/2-1/2

[Event "Festival Magistrale"]
[Site "Jesolo ITA"]
[Date "1999.12.??"]
[Round "1"]
[White "Miladinovic, Igor"]
[Black "Ausmins, Elmar"]
[Result "1-0"]
[WhiteElo "2526"]
[BlackElo "2261"]
[PlyCount "95"]
[EventDate "1999.12.26"]

1. d4 d5 2. c4 c6 3. Nc3 Nf6 4. cxd5 cxd5 5. Bf4 e6 6. e3 Bd6 7. Bb5+ Nc6 8.
Nge2 Bxf4 9. Nxf4 O-O 10. Bxc6 bxc6 11. O-O Qd6 12. Na4 e5 13. dxe5 Qxe5 14.
Qd4 Qxd4 15. exd4 Rb8 16. Nd3 Ba6 17. Rfd1 Rfe8 18. Ne5 Bb7 19. Rac1 Rbc8 20.
f3 Nh5 21. Nc5 Ba8 22. Ned3 g6 23. Rd2 Ng7 24. Nd7 Kh8 25. N3e5 Re7 26. Nf6 Bb7
27. Rdc2 Ne6 28. Nxd5 cxd5 29. Rxc8+ Bxc8 30. Rxc8+ Kg7 31. Nc6 Rb7 32. b3 Rb6
33. Kf2 Nf4 34. Ne5 Ne6 35. Ke3 Rb4 36. Nc6 Rb6 37. h4 h6 38. g3 Kf6 39. Kd3 h5
40. Kc3 Rb7 41. a4 Ng7 42. g4 g5 43. gxh5 Nxh5 44. hxg5+ Kxg5 45. b4 a6 46. b5
Rb6 47. Kb4 Nf6 48. Ka5 1-0

[Event "Festival Magistrale"]
[Site "Jesolo ITA"]
[Date "1999.12.??"]
[Round "1"]
[White "Mosca, Leonildo"]
[Black "Borgo, Giulio"]
[Result "0-1"]
[WhiteElo "2102"]
[BlackElo "2444"]
[PlyCount "60"]
[EventDate "1999.12.26"]

1. e4 c5 2. Nf3 e6 3. d4 cxd4 4. Nxd4 Nc6 5. Nb5 d6 6. c4 Nf6 7. N1c3 a6 8. Na3
b6 9. Be2 Bb7 10. O-O Nb8 11. Be3 Nbd7 12. f3 Be7 13. Nc2 O-O 14. Qd2 Qc7 15.
Rac1 Rac8 16. Ne1 Qb8 17. b3 Rfe8 18. Nd3 Rcd8 19. Nf4 Bc6 20. a4 Nc5 21. Qc2
d5 22. cxd5 exd5 23. Nfxd5 Bxd5 24. Nxd5 Nxd5 25. exd5 Bd6 26. Bxc5 Bxh2+ 27.
Kh1 bxc5 28. Bc4 Bg3 29. Qf5 Rd6 30. Rc2 Re5 0-1

[Event "Festival Magistrale"]
[Site "Jesolo ITA"]
[Date "1999.12.??"]
[Round "1"]
[White "Mrdja, Milan"]
[Black "Boscolo, Fabio"]
[Result "1-0"]
[WhiteElo "2425"]
[BlackElo "1873"]
[PlyCount "85"]
[EventDate "1999.12.26"]

1. e4 e5 2. Nf3 Nf6 3. Nxe5 d6 4. Nf3 Nxe4 5. d4 d5 6. Bd3 Be7 7. O-O O-O 8.
Re1 Nc6 9. Bxe4 dxe4 10. Rxe4 Bf5 11. Re1 Nb4 12. Na3 Bd6 13. Bg5 f6 14. Be3 c6
15. h3 Re8 16. c3 Nd3 17. Re2 Nf4 18. Bxf4 Rxe2 19. Bxd6 Re6 20. Bg3 Qd5 21. c4
Qe4 22. Qb3 Rae8 23. d5 cxd5 24. cxd5 Rb6 25. Nb5 Qd3 26. Qxd3 Bxd3 27. Nc7 Rd8
28. b3 Be4 29. d6 Bxf3 30. gxf3 Kf7 31. Re1 Rd7 32. h4 Rc6 33. Re4 h6 34. Kg2
g5 35. hxg5 hxg5 36. Ra4 a6 37. Rb4 b5 38. a4 bxa4 39. Rxa4 Rc5 40. Nxa6 Rb5
41. Rc4 f5 42. Nc5 Rd8 43. Be5 1-0

[Event "Festival Magistrale"]
[Site "Jesolo ITA"]
[Date "1999.12.??"]
[Round "1"]
[White "Palac, Mladen"]
[Black "Colovic, Aleksandar"]
[Result "1-0"]
[WhiteElo "2610"]
[BlackElo "2423"]
[PlyCount "44"]
[EventDate "1999.12.26"]

1. e4 c5 2. Nf3 d6 3. d4 cxd4 4. Nxd4 Nf6 5. Nc3 a6 6. Be2 e5 7. Nb3 Be7 8. O-O
O-O 9. Kh1 Nc6 10. f3 Na5 11. Nxa5 Qxa5 12. Bc4 Be6 13. Bb3 h6 14. Be3 Rac8 15.
Qe1 Qc7 16. Rd1 Bc4 17. Rf2 Rfd8 18. Rfd2 b5 19. Bf2 Qc6 20. Bh4 b4 21. Ne2 g5
22. Bf2 22... Be6 {...} 1-0

[Event "Festival Magistrale"]
[Site "Jesolo ITA"]
[Date "1999.12.??"]
[Round "1"]
[White "Samaritani, Fabio"]
[Black "Timoscenko, Gennadij A."]
[Result "0-1"]
[WhiteElo "2281"]
[BlackElo "2536"]
[PlyCount "96"]
[EventDate "1999.12.26"]

1. e4 c5 2. Nf3 e6 3. d4 cxd4 4. Nxd4 a6 5. Bd3 Nf6 6. O-O Qc7 7. Kh1 d6 8. f4
Nbd7 9. Qe2 Be7 10. a4 O-O 11. Nc3 Re8 12. g4 Nc5 13. g5 Nxd3 14. cxd3 Nd7 15.
f5 Bf8 16. Be3 Ne5 17. Rac1 Qd8 18. fxe6 fxe6 19. Nf3 Bd7 20. g6 Nxg6 21. Ng5
Nh8 22. Qh5 h6 23. Nf7 Nxf7 24. Qxf7+ Kh8 25. Rg1 Re7 26. Qf4 e5 27. Qg3 Be6
28. Rcf1 Qe8 29. Rf2 Qh5 30. Nd5 Rf7 31. Rgf1 Rxf2 32. Qxf2 Bh3 33. Rc1 Bg4 34.
Rc7 Be2 35. Rf7 Kg8 36. Rf5 Qg4 37. h3 Qxh3+ 38. Kg1 Bxd3 39. Rf3 Qg4+ 40. Rg3
Qd1+ 41. Kh2 Qh5+ 42. Kg1 Qd1+ 43. Kh2 Qe2 44. Qxe2 Bxe2 45. Bxh6 Kf7 46. Bd2
Rc8 47. Nc3 Bc4 48. Kg2 Be7 0-1

[Event "Festival Magistrale"]
[Site "Jesolo ITA"]
[Date "1999.12.??"]
[Round "1"]
[White "Scalcione, Michelangelo"]
[Black "Naumkin, Igor"]
[Result "1/2-1/2"]
[WhiteElo "2177"]
[BlackElo "2489"]
[PlyCount "81"]
[EventDate "1999.12.26"]

1. Nf3 Nf6 2. c4 b6 3. g3 Bb7 4. Bg2 e6 5. O-O Be7 6. Nc3 O-O 7. d4 Ne4 8. Bd2
f5 9. Ne1 Bf6 10. Nxe4 Bxe4 11. f3 Bb7 12. Bc3 c5 13. e4 cxd4 14. Bxd4 Bxd4+
15. Qxd4 fxe4 16. fxe4 Rxf1+ 17. Kxf1 Nc6 18. Qc3 b5 19. cxb5 Qb6 20. Nf3 Qxb5+
21. Kg1 Rc8 22. Rd1 Qb6+ 23. Kh1 Nb4 24. Qd4 Qxd4 25. Rxd4 Nxa2 26. Rxd7 Bxe4
27. Rxa7 Nb4 28. Ng1 Bxg2+ 29. Kxg2 Rc2+ 30. Kh3 Rxb2 31. Re7 Nd3 32. Rxe6 Nf2+
33. Kg2 Ne4+ 34. Kh1 Rb4 35. Ra6 Rb2 36. Re6 Nc3 37. Re1 g5 38. Re5 h6 39. Re6
Kg7 40. Re3 Rc2 41. h3 1/2-1/2

[Event "Festival Magistrale"]
[Site "Jesolo ITA"]
[Date "1999.12.??"]
[Round "1"]
[White "Vancini, Edoardo"]
[Black "Chatalbashev, Boris"]
[Result "0-1"]
[WhiteElo "2255"]
[BlackElo "2524"]
[PlyCount "66"]
[EventDate "1999.12.26"]

1. e4 g6 2. d4 Bg7 3. Nf3 c5 4. dxc5 Qa5+ 5. c3 Qxc5 6. Be3 Qc7 7. Be2 Nf6 8.
Nbd2 Nc6 9. Nd4 d5 10. Nb5 Qd8 11. Bf3 O-O 12. O-O a6 13. exd5 Ne5 14. Na3 Nxd5
15. Bxd5 Qxd5 16. Ndc4 Qc6 17. Nb6 Bg4 18. f3 Rad8 19. Qe2 Bf5 20. Rfd1 h5 21.
Rd2 Rxd2 22. Qxd2 h4 23. Nd5 Re8 24. Nb4 Qc8 25. h3 Bxh3 26. f4 Rd8 27. Nd5 Nc6
28. gxh3 Qxh3 29. c4 e6 30. f5 exd5 31. Rf1 Re8 32. Nc2 d4 33. fxg6 fxg6 0-1

[Event "Festival Magistrale"]
[Site "Jesolo ITA"]
[Date "1999.12.??"]
[Round "2"]
[White "Ausmins, Elmar"]
[Black "Alberton, Roberto"]
[Result "1-0"]
[WhiteElo "2261"]
[BlackElo "2138"]
[PlyCount "75"]
[EventDate "1999.12.26"]

1. d4 Nf6 2. Nf3 d5 3. c4 e6 4. Nc3 c6 5. Bg5 Be7 6. e3 Nbd7 7. Qc2 O-O 8. a3
Re8 9. h3 b6 10. Bd3 h6 11. Bf4 Bb7 12. O-O dxc4 13. Bxc4 Nd5 14. Bh2 Nxc3 15.
bxc3 c5 16. a4 cxd4 17. cxd4 Rc8 18. Qe2 a5 19. Rfc1 Bb4 20. Bb5 Re7 21. Bg3
Rxc1+ 22. Rxc1 Qa8 23. Bh4 g5 24. Bg3 Nf6 25. h4 Ne4 26. hxg5 hxg5 27. Ne5 f6
28. Nd7 Rh7 29. Qc4 Kf7 30. Bb8 Bd6 31. d5 Bxd5 32. Qc8 Kg6 33. Nf8+ Bxf8 34.
Qxf8 Qb7 35. Qg8+ Kf5 36. f3 Ng3 37. Bxg3 Bxf3 38. Rf1 1-0

[Event "Festival Magistrale"]
[Site "Jesolo ITA"]
[Date "1999.12.??"]
[Round "2"]
[White "Barberi, Alessandro"]
[Black "Fercec, Nenad"]
[Result "0-1"]
[WhiteElo "2180"]
[BlackElo "2476"]
[PlyCount "50"]
[EventDate "1999.12.26"]

1. d4 Nf6 2. c4 e6 3. Nf3 b6 4. e3 Bb4+ 5. Bd2 Qe7 6. Bd3 Bb7 7. a3 Bxd2+ 8.
Nbxd2 d6 9. Qc2 c5 10. O-O O-O 11. Rfd1 h6 12. Ne4 Nbd7 13. dxc5 dxc5 14. Nd6
Bxf3 15. gxf3 Ne5 16. f4 Nf3+ 17. Kg2 Nd4 18. exd4 Qxd6 19. Be4 Rad8 20. dxc5
Qxf4 21. f3 Nxe4 22. Qxe4 Rd2+ 23. Rxd2 Qxd2+ 24. Kh3 bxc5 25. Qe5 Qf2 0-1

[Event "Festival Magistrale"]
[Site "Jesolo ITA"]
[Date "1999.12.??"]
[Round "2"]
[White "Borgo, Giulio"]
[Black "Miladinovic, Igor"]
[Result "0-1"]
[WhiteElo "2444"]
[BlackElo "2526"]
[PlyCount "51"]
[EventDate "1999.12.26"]

1. e4 c5 2. Nf3 Nc6 3. Bb5 e6 4. Bxc6 bxc6 5. b3 f6 6. O-O e5 7. c3 d5 8. Qe2
dxe4 9. Qxe4 Qd5 10. Qe3 Bg4 11. c4 Qe6 12. h3 Bh5 13. Re1 Ne7 14. Nc3 Nf5 15.
Qe4 Bg6 16. Na4 Rd8 17. Qg4 Nd4 18. Nxd4 Qxg4 19. hxg4 cxd4 20. f4 Bd6 21. fxe5
fxe5 22. Nc5 Rc8 23. Ne4 Be7 24. d3 Kd7 25. Bd2 h5 26. g5 0-1

[Event "Festival Magistrale"]
[Site "Jesolo ITA"]
[Date "1999.12.??"]
[Round "2"]
[White "Boscolo, Fabio"]
[Black "Caruso, Augusto"]
[Result "0-1"]
[WhiteElo "1873"]
[BlackElo "2219"]
[PlyCount "44"]
[EventDate "1999.12.26"]

1. d4 e6 2. e4 d5 3. exd5 exd5 4. Bd3 c5 5. dxc5 Bxc5 6. Nf3 Nf6 7. O-O O-O 8.
Bg5 Qd6 9. Nc3 Nbd7 10. Qd2 a6 11. Rad1 b5 12. Bf5 Nb6 13. Bxc8 Raxc8 14. Qc1
Rfd8 15. Bf4 Qc6 16. Ne2 Nc4 17. Ne5 Nxe5 18. Bxe5 Re8 19. Qg5 h6 20. Qg3 Nh5
21. Qc3 b4 22. Nd4 bxc3 0-1

[Event "Festival Magistrale"]
[Site "Jesolo ITA"]
[Date "1999.12.??"]
[Round "2"]
[White "Chatalbashev, Boris"]
[Black "Golubovic, Boris"]
[Result "1/2-1/2"]
[WhiteElo "2524"]
[BlackElo "2457"]
[PlyCount "83"]
[EventDate "1999.12.26"]

1. d4 d5 2. c4 c6 3. e3 Nf6 4. Nf3 a6 5. Bd3 e6 6. O-O dxc4 7. Bxc4 c5 8. Qe2
Nc6 9. dxc5 Bxc5 10. e4 Qc7 11. e5 Nd7 12. Bf4 b5 13. Bd3 Nb4 14. Be4 Bb7 15.
Nc3 Bxe4 16. Qxe4 Qc6 17. Qe2 Nd5 18. Nxd5 Qxd5 19. Rac1 Qb7 20. Rfd1 Be7 21.
Bg5 Nb6 22. Bxe7 Qxe7 23. Rc6 Qb7 24. Qe4 Nd5 25. Rd6 h6 26. Nd4 O-O 27. Qg4
Rfe8 28. h4 Rad8 29. Rd3 Rxd6 30. exd6 Nf6 31. Qg3 Ne4 32. Qe5 Qd5 33. Qxd5
exd5 34. Nf5 g6 35. Ne7+ Kg7 36. Rxd5 Nxd6 37. Nxg6 Re1+ 38. Kh2 Ne4 39. Nf4
Nxf2 40. Nh5+ Kg6 41. Nf4+ Kg7 42. Nh5+ 1/2-1/2

[Event "Festival Magistrale"]
[Site "Jesolo ITA"]
[Date "1999.12.??"]
[Round "2"]
[White "Colovic, Aleksandar"]
[Black "Scalcione, Michelangelo"]
[Result "1-0"]
[WhiteElo "2423"]
[BlackElo "2177"]
[PlyCount "48"]
[EventDate "1999.12.26"]

1. e4 e5 2. Nf3 d6 3. d4 exd4 4. Qxd4 Nf6 5. Nc3 Be7 6. Bg5 O-O 7. O-O-O Nc6 8.
Qd2 Be6 9. Kb1 a6 10. Qe1 Nd7 11. h4 Re8 12. Be2 h6 13. Be3 Bf6 14. Bd3 b5 15.
Ne2 Nce5 16. Nf4 c5 17. Be2 Bc4 18. Nxe5 Nxe5 19. Bxc5 Bxe2 20. Qxe2 Nc4 21.
Bd4 Nxb2 22. Kxb2 d5 23. e5 Bxh4 24. Qg4 Be7 1-0

[Event "Festival Magistrale"]
[Site "Jesolo ITA"]
[Date "1999.12.??"]
[Round "2"]
[White "Drazic, Sinisa"]
[Black "Palac, Mladen"]
[Result "1/2-1/2"]
[WhiteElo "2493"]
[BlackElo "2610"]
[PlyCount "143"]
[EventDate "1999.12.26"]

1. c4 Nf6 2. Nc3 d5 3. cxd5 Nxd5 4. Nf3 c5 5. Qa4+ Bd7 6. Qb3 Nb6 7. Ne5 e6 8.
e3 Nc6 9. Nxd7 Qxd7 10. Be2 Be7 11. O-O O-O 12. d3 Rfd8 13. Rd1 Qc7 14. Bd2 c4
15. dxc4 Na5 16. Qc2 Naxc4 17. Be1 Rac8 18. Rxd8+ Bxd8 19. Rc1 Qb8 20. b3 Nd6
21. Qb1 Bf6 22. Bf3 g6 23. h3 Kg7 24. a4 Nd7 25. Be2 a6 26. Na2 Ne5 27. Nb4 a5
28. Nd3 b6 29. Nxe5 Bxe5 30. b4 Rxc1 31. Qxc1 axb4 32. Bxb4 Nb7 33. f4 Bf6 34.
Qc6 Na5 35. Qd6 Qxd6 36. Bxd6 Bd8 37. Kf2 h5 38. Ke1 Nb3 39. Bc4 Na5 40. Bb5
Nb7 41. Bb4 Bc7 42. Bc6 Nd6 43. Bc3+ f6 44. Ke2 Kf7 45. g4 hxg4 46. hxg4 g5 47.
Kf3 Ke7 48. Bb4 e5 49. fxe5 fxe5 50. Ke2 Ke6 51. Kd3 Ke7 52. Kc3 Ke6 53. Ba3
Bd8 54. Bc1 Bc7 55. Kb4 Bd8 56. Bd2 Be7 57. Kb3 Bd8 58. Kc3 Be7 59. e4 Bd8 60.
Be3 Kf6 61. Bd5 Bc7 62. Kb4 Bd8 63. Bd2 Be7 64. Kb3 Bd8 65. Bc1 Bc7 66. Kb4 Bd8
67. Be3 Bc7 68. a5 bxa5+ 69. Kc5 Nf7 70. Bxf7 Kxf7 71. Bxg5 Kg6 72. Bc1 1/2-1/2

[Event "Festival Magistrale"]
[Site "Jesolo ITA"]
[Date "1999.12.??"]
[Round "2"]
[White "Gallo, Enrico"]
[Black "Dervishi, Erald"]
[Result "0-1"]
[WhiteElo "2155"]
[BlackElo "2496"]
[PlyCount "66"]
[EventDate "1999.12.26"]

1. e4 e5 2. Nf3 Nc6 3. Nc3 Nf6 4. d4 exd4 5. Nxd4 Bb4 6. Nxc6 bxc6 7. Bd3 d5 8.
e5 Ng4 9. O-O O-O 10. Bf4 f6 11. exf6 Qxf6 12. Bg3 Bd6 13. Be2 Ne5 14. Qd2 Rb8
15. Nd1 Ng6 16. c3 Nf4 17. Ne3 Kh8 18. Rae1 Qg5 19. b3 c5 20. Qd1 Bb7 21. Bf3
Rbd8 22. Ng4 Ba6 23. h4 Qf5 24. Ne3 Qf7 25. c4 dxc4 26. Nxc4 Nh3+ 27. gxh3 Bxg3
28. fxg3 Rxd1 29. Bxd1 Qg8 30. Rxf8 Qxf8 31. Bf3 g6 32. Bd5 Qd8 33. Re5 Bxc4
0-1

[Event "Festival Magistrale"]
[Site "Jesolo ITA"]
[Date "1999.12.??"]
[Round "2"]
[White "Guido, Flavio"]
[Black "Costantini, Roberto"]
[Result "1/2-1/2"]
[WhiteElo "2367"]
[BlackElo "2196"]
[PlyCount "111"]
[EventDate "1999.12.26"]

1. e4 c5 2. c3 Nf6 3. e5 Nd5 4. d4 cxd4 5. Nf3 d6 6. Bc4 dxe5 7. Nxe5 e6 8.
cxd4 Be7 9. O-O O-O 10. Re1 Nc6 11. Nxc6 bxc6 12. Nc3 Nb6 13. Be2 Qc7 14. Qc2
Bb7 15. Be3 Rfd8 16. Rac1 Rac8 17. Qb3 Qb8 18. Na4 Nd5 19. Bd2 Ba8 20. Qxb8
Rxb8 21. Red1 Bf6 22. Rc4 Bb7 23. Nc5 Ba8 24. Nb3 Nb6 25. Rc2 Nd5 26. Bf3 g6
27. g3 Nb4 28. Bxb4 Rxb4 29. Bxc6 Bxc6 30. Rxc6 Bxd4 31. Nxd4 Rbxd4 32. Rxd4
Rxd4 33. Ra6 Rd7 34. b4 Rb7 35. a3 Kg7 36. f4 h6 37. Kf2 g5 38. Ke3 Rc7 39. Ke4
Kf6 40. Ra5 Rd7 41. a4 Rb7 42. b5 Rd7 43. Ra6 gxf4 44. gxf4 h5 45. h4 Rc7 46.
f5 Rc4+ 47. Kd3 Rc7 48. fxe6 fxe6 49. Ke4 Rc4+ 50. Kd3 Rc7 51. Ke4 Rc4+ 52. Ke3
Rc7 53. Rc6 Rg7 54. Rc5 Rg3+ 55. Kf2 Rg4 56. Rxh5 1/2-1/2

[Event "Festival Magistrale"]
[Site "Jesolo ITA"]
[Date "1999.12.??"]
[Round "2"]
[White "Komarov, Dimitri"]
[Black "Mrdja, Milan"]
[Result "1-0"]
[WhiteElo "2582"]
[BlackElo "2425"]
[PlyCount "79"]
[EventDate "1999.12.26"]

1. d4 Nf6 2. c4 g6 3. Nc3 Bg7 4. e4 O-O 5. Nf3 d6 6. Be2 c5 7. O-O Nc6 8. d5
Na5 9. Bd2 Bg4 10. b3 e5 11. Ne1 Bd7 12. a3 b6 13. b4 Nb7 14. Nd3 Ne8 15. bxc5
Nxc5 16. Nxc5 dxc5 17. a4 Nd6 18. a5 f5 19. f3 Bf6 20. Qc1 Qc7 21. Ra3 h5 22.
exf5 gxf5 23. f4 e4 24. Nd1 h4 25. Bc3 Bd4+ 26. Kh1 Rac8 27. axb6 axb6 28. Qa1
Rf7 29. Bxd4 cxd4 30. Qxd4 Nxc4 31. Rc3 b5 32. Bxc4 bxc4 33. Ne3 Qc5 34. Qd2
Bb5 35. Rb1 Ra8 36. Qe2 Bd7 37. Rxc4 Qa3 38. Rcb4 Qc3 39. Rb7 Ra3 40. Nc4 1-0

[Event "Festival Magistrale"]
[Site "Jesolo ITA"]
[Date "1999.12.??"]
[Round "2"]
[White "Naumkin, Igor"]
[Black "Klaric, Zlatko"]
[Result "1-0"]
[WhiteElo "2489"]
[BlackElo "2422"]
[PlyCount "63"]
[EventDate "1999.12.26"]

1. d4 d5 2. c4 c6 3. Nc3 Nf6 4. Nf3 dxc4 5. a4 Na6 6. e4 Bg4 7. Bxc4 e6 8. Be3
Bb4 9. Qc2 Bxf3 10. gxf3 Nh5 11. Rg1 O-O 12. f4 Qh4 13. f5 exf5 14. exf5 b5 15.
axb5 cxb5 16. Bxb5 Qxh2 17. Kf1 Qh3+ 18. Ke2 Nc7 19. Bc6 Rae8 20. Kd2 Rxe3 21.
fxe3 Ng3 22. Qd3 Rd8 23. Rxa7 Ne8 24. Ra4 Bxc3+ 25. bxc3 Nd6 26. f6 g6 27. Ra8
Rxa8 28. Bxa8 h5 29. Bd5 h4 30. Qxg6+ Kf8 31. Qg7+ Ke8 32. Bxf7+ 1-0

[Event "Festival Magistrale"]
[Site "Jesolo ITA"]
[Date "1999.12.??"]
[Round "2"]
[White "Ortega, Lexy"]
[Black "Dancevski, Orce"]
[Result "0-1"]
[WhiteElo "2499"]
[BlackElo "2429"]
[PlyCount "70"]
[EventDate "1999.12.26"]

1. d4 Nf6 2. Nf3 g6 3. c4 d6 4. g3 Bf5 5. Bg2 Qc8 6. h3 Bg7 7. g4 Bd7 8. Nc3
O-O 9. Bg5 Nc6 10. Qd2 e5 11. d5 Ne7 12. e4 b6 13. Nh2 Kh8 14. h4 Neg8 15. h5
Nxg4 16. O-O-O Bf6 17. Nxg4 Bxg4 18. Bxf6+ Nxf6 19. Qg5 Qd8 20. Rdg1 Bxh5 21.
f3 Kg7 22. Ne2 h6 23. Qe3 g5 24. Bh3 Bg6 25. Bf5 Ng8 26. Ng3 b5 27. cxb5 a6 28.
bxa6 Rxa6 29. Kb1 c5 30. Nh5+ Bxh5 31. Rxh5 f6 32. Rgh1 Qa5 33. a3 Rb8 34. Be6
Rab6 35. R1h2 Rb3 0-1

[Event "Festival Magistrale"]
[Site "Jesolo ITA"]
[Date "1999.12.??"]
[Round "2"]
[White "Patelli, Alessandro"]
[Black "Mosca, Leonildo"]
[Result "1-0"]
[WhiteElo "2225"]
[BlackElo "2102"]
[PlyCount "53"]
[EventDate "1999.12.26"]

1. Nf3 Nf6 2. c4 c5 3. Nc3 b6 4. g3 Bb7 5. Bg2 g6 6. O-O Bg7 7. d4 cxd4 8. Qxd4
O-O 9. Qh4 d6 10. Bh6 Nbd7 11. Rac1 Rc8 12. Bxg7 Kxg7 13. Qd4 Kg8 14. b3 Nc5
15. Bh3 Ne6 16. Qe3 Bxf3 17. exf3 Rc5 18. Bxe6 Re5 19. Bxf7+ Rxf7 20. Qd3 Rh5
21. Ne2 Nd7 22. f4 g5 23. Qf3 Rh6 24. Qd5 gxf4 25. Nxf4 Ne5 26. Ne6 Kh8 27.
Nxd8 1-0

[Event "Festival Magistrale"]
[Site "Jesolo ITA"]
[Date "1999.12.??"]
[Round "2"]
[White "Rogulj, Branko"]
[Black "Djuric, Stefan"]
[Result "1/2-1/2"]
[WhiteElo "2427"]
[BlackElo "2504"]
[PlyCount "105"]
[EventDate "1999.12.26"]

1. e4 g6 2. d4 Bg7 3. Nc3 d6 4. f4 a6 5. Nf3 b5 6. Bd3 Nd7 7. e5 Nb6 8. O-O e6
9. a4 bxa4 10. Nxa4 Nxa4 11. Rxa4 Ne7 12. Qe2 O-O 13. Bd2 Bb7 14. Rfa1 Rb8 15.
b3 Nf5 16. Be4 Bc8 17. Qe1 f6 18. Ba5 fxe5 19. dxe5 Qd7 20. Rd1 d5 21. Qc3 c6
22. Kh1 Nd6 23. Bd3 Nb5 24. Qe1 Qe7 25. Bd2 c5 26. Qg3 Bb7 27. Qh3 Nc7 28. Ng5
Bh8 29. Ba5 Rbe8 30. Bxc7 Qxc7 31. Nxe6 Qc6 32. Nxf8 Rxf8 33. Qg4 Bc8 34. Qg3
Bg7 35. Rda1 d4 36. Bxa6 Bxa6 37. Rxa6 Qe4 38. Qd3 Qxf4 39. Qc4+ Kh8 40. Ra8
Bxe5 41. Rxf8+ Qxf8 42. Qd5 Qf4 43. Ra8+ Bb8 44. Rxb8+ Qxb8 45. Qxc5 Qf4 46.
Kg1 Qc1+ 47. Kf2 Qd2+ 48. Kg3 Qe3+ 49. Kh4 Kg7 50. Qd6 Qh6+ 51. Kg4 Qh5+ 52.
Kg3 Qg5+ 53. Kh3 1/2-1/2

[Event "Festival Magistrale"]
[Site "Jesolo ITA"]
[Date "1999.12.??"]
[Round "2"]
[White "Rossato, Armando"]
[Black "Danieli, Enrico"]
[Result "1-0"]
[WhiteElo "2219"]
[BlackElo "2039"]
[PlyCount "57"]
[EventDate "1999.12.26"]

1. d4 Nf6 2. Bg5 e6 3. Nd2 d5 4. e3 c5 5. c3 Nc6 6. Ngf3 Be7 7. Bd3 b6 8. O-O
Bb7 9. Re1 O-O 10. Rc1 h6 11. Bh4 Qc7 12. b4 c4 13. Bb1 b5 14. Qc2 g6 15. e4
Nxe4 16. Nxe4 dxe4 17. Qxe4 Nd8 18. Qe3 Bxh4 19. Nxh4 Kg7 20. Nf3 Nc6 21. h4
Ne7 22. h5 Nd5 23. Qd2 Nf4 24. Re5 Nxh5 25. Rce1 Rad8 26. Nh2 Rd5 27. Ng4 g5
28. Nxh6 Kxh6 29. Qxg5# 1-0

[Event "Festival Magistrale"]
[Site "Jesolo ITA"]
[Date "1999.12.??"]
[Round "2"]
[White "Solinas, Carlo"]
[Black "Vancini, Edoardo"]
[Result "0-1"]
[WhiteElo "2087"]
[BlackElo "2255"]
[PlyCount "66"]
[EventDate "1999.12.26"]

1. e4 c5 2. d4 cxd4 3. c3 Nf6 4. e5 Nd5 5. cxd4 e6 6. Nc3 Nxc3 7. bxc3 Qc7 8.
Bd2 d6 9. Nf3 Nd7 10. exd6 Bxd6 11. Bd3 b6 12. O-O Bb7 13. Re1 O-O 14. Ng5 Nf6
15. Ne4 Bxh2+ 16. Kh1 Nxe4 17. Bxe4 Bd6 18. Qh5 g6 19. Qh6 Rae8 20. Bxb7 Qxb7
21. Re3 f5 22. Rae1 Qd5 23. Rh3 Rf7 24. Bg5 f4 25. Bf6 Qf5 26. Be5 Bxe5 27.
Rxe5 Qb1+ 28. Kh2 Qxa2 29. d5 Qc4 30. Rf3 Ree7 31. Qg5 Kg7 32. Re1 Qxd5 33.
Qxd5 exd5 0-1

[Event "Festival Magistrale"]
[Site "Jesolo ITA"]
[Date "1999.12.??"]
[Round "2"]
[White "Timoscenko, Gennadij A."]
[Black "Godena, Michele"]
[Result "1/2-1/2"]
[WhiteElo "2536"]
[BlackElo "2490"]
[PlyCount "29"]
[EventDate "1999.12.26"]

1. d4 d5 2. c4 c6 3. Nc3 e5 4. dxe5 d4 5. Ne4 Qa5+ 6. Bd2 Qxe5 7. Ng3 Nf6 8.
Nf3 Qd6 9. e3 dxe3 10. Bxe3 Qxd1+ 11. Rxd1 Bb4+ 12. Nd2 Nbd7 13. Be2 O-O 14.
O-O Re8 15. h3 1/2-1/2

[Event "Festival Magistrale"]
[Site "Jesolo ITA"]
[Date "1999.12.??"]
[Round "2"]
[White "Ventura, Boris"]
[Black "Samaritani, Fabio"]
[Result "1/2-1/2"]
[WhiteElo "2127"]
[BlackElo "2281"]
[PlyCount "35"]
[EventDate "1999.12.26"]

1. e4 e5 2. Nf3 Nc6 3. d4 exd4 4. c3 dxc3 5. Nxc3 d6 6. Bc4 Be7 7. Qb3 Na5 8.
Bxf7+ Kf8 9. Qa4 Kxf7 10. Qxa5 c6 11. Qxd8 Bxd8 12. Bf4 Bc7 13. O-O-O Ke7 14.
Rd2 Be6 15. Rhd1 Re8 16. Nd4 Nf6 17. Nxe6 Kxe6 18. f3 1/2-1/2